| 000 | 00988nam a2200253Ia 4500 | ||
|---|---|---|---|
| 999 |
_c36336 _d36336 |
||
| 001 | 2244 | ||
| 003 | GE_BSU | ||
| 005 | 20221021130939.0 | ||
| 008 | 181216s1981ru xx |||||||||||||| ||rus|| | ||
| 040 | _cGE_BSU | ||
| 041 | _arus | ||
| 080 | _a37.01 Р-88 | ||
| 100 |
_aРусо, Ж-Ж. _915449 |
||
| 245 |
_aПедагогические сочинения: _b В 2-х. томах.Т.1 / _cЖ-Ж. Русо, Под. ред. Г.Н. Джибладзе; Сост. А.Н.Джуринский |
||
| 264 |
_aМосква : _bПедагогика, _c1981. |
||
| 300 | _a653 с.: | ||
| 440 |
_a(Педагогическая биб-ка) _915450 |
||
| 541 | _h20 л. | ||
| 653 | _aПедагогические сочинения | ||
| 653 | _aპედაგოგიური ნარკვევები | ||
| 700 |
_aДжибладзе, Г.Н. _eრედაქტორი _915451 |
||
| 700 |
_aДжуринский, А.Н. _eშემდგენელი _915452 |
||
| 942 |
_cBK _2udc |
||